Most Famous Empires through out history - Statistics

General Stats
  • This quiz has been taken 43 times
  • The average score is 5 of 10
Answer Stats
This Empire Was Known For Answer % Correct
They were known for their achievements in art, science and medicine Ottoman Empire
77%
This Empire was known for their military, political, and social institutions Roman Empire
74%
This Empire was known for its dominance of much of world trade, and of its oceans British Empire
69%
An Empire that was one of the great world powers and played a leading role in international events, like the War of 1812 and World War I Russian Empire
56%
This Empire was the first centralized nation-state, and during expansion in approximately 550-500 BCE, it became the first global empire Achaemenid Empire
49%
This empire had an important cultural legacy, both on the Orthodox Church and on the revival of Greek and Roman studies Byzantine Empire
46%
They were known for their fierce warfare.And their generals were brilliant military planners. Mongol Empire
44%
They were known for global power, dominating the oceans as well as European battlefields Spanisch Empire
41%
Most Modern Dynasty or Empire of china they were famous for its initial prosperity and tumultuous final years Qing Dynasty
18%
This empire was known for their contributions to religion, architecture, and their famous network of roads throughout the region Incan Empire
15%
No matching quizzes found
Score Distribution
Percent of People with Each Score
Percentile by Number Answered
Your Score History
You have not taken this quiz